Diagnosis of plant virus diseases / (Record no. 33404)

MARC details
000 -LEADER
fixed length control field 00951pam a2200253 a 4500
001 - CONTROL NUMBER
control field 4870506
003 - CONTROL NUMBER IDENTIFIER
control field OSt
005 - DATE AND TIME OF LATEST TRANSACTION
control field 20220322114612.0
008 - FIXED-LENGTH DATA ELEMENTS--GENERAL INFORMATION
fixed length control field 921215s1993 flua b 001 0 eng
010 ## - LIBRARY OF CONGRESS CONTROL NUMBER
LC control number 92038242
020 ## - INTERNATIONAL STANDARD BOOK NUMBER
International Standard Book Number 0849342848
040 ## - CATALOGING SOURCE
Original cataloging agency DLC
Transcribing agency HU
Modifying agency DLC
050 00 - LIBRARY OF CONGRESS CALL NUMBER
Classification number SB736
Item number .D53 1993
082 00 - DEWEY DECIMAL CLASSIFICATION NUMBER
Classification number 632/.8DIA1993
Edition number 20
245 00 - TITLE STATEMENT
Title Diagnosis of plant virus diseases /
Statement of responsibility, etc. edited by R.E.F. Matthews.
260 ## - PUBLICATION, DISTRIBUTION, ETC.
Place of publication, distribution, etc. Boca Raton :
Name of publisher, distributor, etc. CRC Press,
Date of publication, distribution, etc. c1993.
300 ## - PHYSICAL DESCRIPTION
Extent 374 p. :
Other physical details ill. (some col.) ;
Dimensions 25 cm.
504 ## - BIBLIOGRAPHY, ETC. NOTE
Bibliography, etc. note Includes bibliographical references and index.
650 #0 - SUBJECT ADDED ENTRY--TOPICAL TERM
Topical term or geographic name entry element Virus diseases of plants
General subdivision Diagnosis.
9 (RLIN) 33849
700 1# - ADDED ENTRY--PERSONAL NAME
Personal name Matthews, R. E. F.
Fuller form of name (Richard Ellis Ford),
Dates associated with a name 1921-
9 (RLIN) 33850
906 ## - LOCAL DATA ELEMENT F, LDF (RLIN)
a 7
b cbc
c orignew
d 1
e ocip
f 19
g y-gencatlg
942 ## - ADDED ENTRY ELEMENTS (KOHA)
Source of classification or shelving scheme Dewey Decimal Classification
Koha item type Books like text book referance book
Suppress in OPAC No
Holdings
Withdrawn status Lost status Source of classification or shelving scheme Damaged status Not for loan Collection code Home library Current library Shelving location Date acquired Total Checkouts Full call number Barcode Date last seen Copy number Price effective from Koha item type
    Dewey Decimal Classification     Reference Wondo Genet Library Wondo Genet Library General Stacks 03/22/2022   632/.8DIA1993 WGCFNRL00014164 03/22/2022 1 03/22/2022 Books like text book referance book